[Event "Chess.com Play-In Match Div 1"]
[Site "chess.com INT"]
[Date "2024.05.09"]
[Round "1.1"]
[White "Vachier Lagrave, M."]
[Black "Ivic, Velimir"]
[Result "1-0"]
[WhiteElo "2732"]
[BlackElo "2596"]
[PlyCount "59"]
[EventDate "2024.05.09"]
[EventType "k.o."]

1. Nf3 d5 2. g3 g6 3. Bg2 Bg7 4. d4 Nf6 5. O-O O-O 6. a4 a5 7. b3 ({RR} 7. c3 c6 8. Nbd2 Nbd7 9. Re1 Re8 10. e4 dxe4 11. Nxe4 Nxe4 12. Rxe4 Nf6 13. Re1 Be6 14. Rxe6 fxe6 15. Qe2 h6 16. Bh3 Kh7 17. Bxe6 Rf8 18. Bb3 Nd5 19. Bc2 Qd6 20. Ne5 Bxe5 21. dxe5 Qe6 {Nakamura,H (2802)-Nepomniachtchi,I (2770) chess.com INT 2024 1-0 (52)}) 7... b6 ({RR} 7... c6 8. c4 Na6 9. Nc3 Ne4 10. Bb2 Bf5 11. e3 Nxc3 12. Bxc3 Be4 13. Qd2 b6 14. Ne1 Bxg2 15. Kxg2 Qd6 16. Nd3 Rfd8 17. Rab1 h5 18. h3 c5 19. dxc5 Bxc3 20. Qxc3 Nxc5 21. Nxc5 Qxc5 22. Rfd1 {Papp,L (2386)-Keller,P (2308) chess.com INT 2025 ½-½ (64)}) 8. e3 $146 ({RR} 8. Bb2 Ba6 9. Re1 e6 10. Nbd2 Nbd7 11. c3 Rc8 12. e4 c5 13. e5 Ne8 14. Rc1 Bh6 15. Nh4 Bg5 16. Nhf3 Bh6 17. Ra1 Ng7 18. Nf1 Nf5 19. Bc1 Bxc1 20. Rxc1 c4 21. Ne3 Nxe3 22. Rxe3 cxb3 {Silkaitis,L (1691)-Vainauskas,H (1284) Lithuania 2017 1-0 (43)}) ({RR} 8. c4 e6 9. Ba3 Re8 10. Nc3 Bb7 11. Rc1 Na6 12. e3 dxc4 13. bxc4 c5 14. Nb5 Nb4 15. dxc5 Nd3 16. Nd6 Nxc1 17. Qxc1 Qc7 18. Nxb7 Qxb7 19. Nd4 Qa6 20. Nb5 Rac8 21. c6 e5 22. c7 e4 {Kramnik,V (2753)-Ivic,V (2561) chess.com INT 2023 1-0}) 8... c5 9. Na3 Nc6 10. Nb5 Ne4 11. Bb2 Bb7 12. Nd2 Nxd2 13. Qxd2 cxd4 14. exd4 Qd7 15. Rac1 e6 16. c4 dxc4 17. Rxc4 Rfc8 18. Rfc1 Rab8 19. Qf4 Nd8 20. Rc7 Rxc7 21. Rxc7 e5 22. Rxd7 exf4 23. Rxd8+ Rxd8 24. Bxb7 fxg3 25. hxg3 h5 26. Kg2 f5 27. Bc1 Bf6 28. Bf4 g5 29. Bc7 Rd7 30. Bc8 1-0

[Event "57th Capablanca Mem Elite"]
[Site "Havana CUB"]
[Date "2024.05.09"]
[Round "7.1"]
[White "Ponomariov, R."]
[Black "Romanov, E."]
[Result "1-0"]
[WhiteElo "2646"]
[BlackElo "2598"]
[PlyCount "77"]
[EventDate "2024.05.03"]

1. Nf3 d5 2. c4 dxc4 3. e3 Nf6 4. Bxc4 e6 5. O-O Be7 6. d4 O-O 7. Qe2 b6 8. e4 ({RR} 8. Nc3 Bb7 9. Rd1 Nbd7 10. e4 h6 11. e5 Nd5 12. Nxd5 Bxd5 13. Bxd5 exd5 14. e6 Nf6 15. exf7+ Rxf7 16. Ne5 Bd6 17. Nxf7 Kxf7 18. Be3 Qd7 19. Qf3 Rf8 20. Bf4 Kg8 21. Bxd6 Qxd6 22. Qg3 Qd7 {Silva,M (2211)-Avramescu,P (2008) Monsaraz POR 2023 1-0 (46)}) 8... Bb7 9. Nc3 a6 10. a3 c5 $146 ({RR} 10... Nbd7 11. Rd1 b5 12. Ba2 Nb6 13. Bb1 Re8 14. Ne5 Bd6 15. Bg5 h6 16. Bh4 g5 17. Bg3 Qe7 18. h4 Nh7 19. hxg5 hxg5 20. Qg4 Bxe5 21. Bxe5 Nc4 22. Bh2 Nxb2 23. Re1 f6 24. Re3 Nc4 25. Rh3 {Bering,A (1995)-Berg,M (1859) Helsingor 2018 0-1 (82)}) 11. Rd1 cxd4 12. Nxd4 Qc7 13. e5 Nfd7 14. Bf4 Rc8 15. Ba2 Nf8 16. Ne4 Nc6 17. Nd6 Bxd6 18. exd6 Nxd4 19. Rxd4 Qc2 20. Rd2 Qf5 21. Be3 Nd7 22. Rad1 a5 23. f3 Ba6 24. Qf2 Qb5 25. Qg3 g6 26. Qf4 Qh5 27. Rd5 e5 28. Qa4 b5 29. Qxa5 Bb7 30. Qxb5 Bc6 31. Qd3 Qh4 32. b4 Bxd5 33. Bxd5 Rab8 34. Ba7 e4 35. Bxe4 Ne5 36. Qd4 Rb5 37. a4 Rc4 38. Qxc4 Nxc4 39. d7 1-0

[Event "Dubai Police Open A 2024"]
[Site "Dubai UAE"]
[Date "2024.05.10"]
[Round "7.7"]
[White "Tabatabaei, M."]
[Black "Pranesh, M."]
[Result "1-0"]
[WhiteElo "2707"]
[BlackElo "2537"]
[PlyCount "73"]
[EventDate "2024.05.04"]

1. Nf3 d5 2. g3 c6 3. Bg2 Nf6 4. O-O Bg4 5. h3 Bh5 6. d4 Nbd7 7. c4 e6 8. cxd5 exd5 9. Qb3 Nb6 ({RR} 9... Qb6 10. Qe3+ Be7 11. Nh4 Bg6 12. Nc3 Nf8 13. Nxg6 hxg6 14. Rd1 Ne6 15. Rb1 a5 16. Qd3 Rd8 17. a3 Ne4 18. Nxe4 dxe4 19. Qxe4 Rxd4 20. Rxd4 Qxd4 21. Qc2 O-O 22. Bd2 Ra8 23. e3 Qc5 24. Qxc5 {Harikrishna,P (2717)-Ponomariov,R (2640) Czech Republic CZE 2023 ½-½ (34)}) ({RR} 9... Qb6 10. Qe3+ Be7 11. Nh4 Bg6 12. Nc3 Qd8 13. f4 c5 14. Kh2 cxd4 15. Qxd4 Bc5 16. Qd1 Nb6 17. f5 Bh5 18. Bg5 O-O 19. Qd3 Bd6 20. Bf4 Bxf4 21. Rxf4 Re8 22. g4 Nxg4+ 23. hxg4 Qxh4+ 24. Qh3 {Suleymanli,S (2291)-Eliseev,S (2201) chess.com INT 2025 1-0}) 10. Ne5 Nfd7 $146 ({RR} 10... Be7 11. Nc3 Nfd7 12. f4 f6 13. Nd3 f5 14. a4 a5 15. Ne5 Ra6 16. g4 Nxe5 17. fxe5 fxg4 18. hxg4 Bxg4 19. e4 Be6 20. Ne2 Qd7 21. Nf4 O-O 22. Nxe6 Rxf1+ 23. Bxf1 Qxe6 24. Bxa6 Qg4+ 25. Kh2 {Karthikeyan,M (2578)-Debashis,D (2494) Patna 2017 ½-½}) 11. g4 Bg6 12. f4 Nxe5 13. dxe5 f5 14. Be3 Qd7 15. Nd2 fxg4 16. hxg4 Qxg4 17. a4 d4 18. Bxd4 Rd8 19. Qf3 Qxf3 20. Nxf3 Be4 21. a5 Bxf3 22. axb6 a6 23. e3 Bxg2 24. Kxg2 g6 25. Rad1 Bg7 26. Bc5 Kf7 27. Bd6 Rd7 28. Bc7 Rxd1 29. Rxd1 Ke7 30. e4 Rg8 31. Kf3 Ke6 32. Rd6+ Kf7 33. Bd8 Bf8 34. Rd7+ Ke8 35. Rxb7 Kxd8 36. Rb8+ Kd7 37. Ra8 1-0

[Event "Titled Tue 7th May Early"]
[Site "chess.com INT"]
[Date "2024.05.07"]
[Round "3"]
[White "Santos Latasa, J."]
[Black "Tristan, L."]
[Result "1-0"]
[WhiteElo "2626"]
[BlackElo "2530"]
[PlyCount "105"]
[EventDate "2024.05.07"]

1. Nf3 d5 2. e3 Nf6 3. b3 Bf5 4. Bb2 e6 5. Nh4 Bg4 6. Be2 Bxe2 7. Qxe2 Nbd7 ({RR} 7... Be7 8. d3 c5 9. O-O Nc6 10. f4 O-O 11. Nd2 b5 12. Nhf3 a5 13. a4 bxa4 14. Rxa4 Nd7 15. c4 Nb6 16. Ra3 a4 17. bxa4 Rxa4 18. Rfa1 Rxa3 19. Rxa3 Bf6 20. Bxf6 Qxf6 21. Qd1 dxc4 22. dxc4 {Nakamura,H (2750)-Matlakov,M (2674) Chess.com INT 2022 1-0 (63)}) 8. O-O Bd6 ({RR} 8... Be7 9. f4 O-O 10. d3 a5 11. a4 c5 12. Nd2 Qb6 13. Kh1 Ne8 14. Nhf3 Bf6 15. Ne5 Nxe5 16. fxe5 Be7 17. e4 Nc7 18. Qg4 Qc6 19. Rf3 Ne8 20. Raf1 g6 21. Qf4 Ng7 22. Qh6 Qc7 23. Rh3 {Pranesh,M (2584)-Pajcin,L (2243) chess.com INT 2025 1-0}) 9. d3 c6 10. Nd2 $146 ({RR} 10. f4 O-O 11. Nd2 Qc7 12. g4 g6 13. Kh1 e5 14. f5 g5 15. Nhf3 h6 16. e4 d4 17. h4 Nh7 18. Kg2 f6 19. Rh1 Kg7 20. Nf1 Rh8 21. Ng3 Rag8 22. Rh3 gxh4 23. Nxh4 Ng5 24. Rh2 Nf8 {Erigaisi,A (2713)-Vasquez Schroeder,R (2475) chess.com INT 2023 1-0 (58)}) 10... Qc7 11. h3 g5 12. Nhf3 Rg8 13. e4 g4 14. hxg4 Nxg4 15. Rfe1 Bh2+ 16. Kf1 Bf4 17. Kg1 Bh2+ 18. Kf1 Bf4 19. c4 Bxd2 20. Nxd2 Qh2 21. Qf3 Nde5 22. Qh3 Qxh3 23. gxh3 Nxf2 24. Bxe5 Nxd3 25. exd5 Nxe1 26. Rxe1 cxd5 27. cxd5 Rd8 28. Ne4 Kf8 29. Nf6 Rg6 30. Nxh7+ Ke7 31. d6+ Rxd6 32. Bxd6+ Kxd6 33. h4 f6 34. Nf8 Rh6 35. Rxe6+ Kd5 36. Re7 Rxh4 37. Rxb7 Rh1+ 38. Kg2 Rh8 39. Nh7 a5 40. Nxf6+ Kd4 41. Rc7 Kd3 42. Nd5 Re8 43. Nf4+ Kd2 44. Kf3 Ra8 45. Rc4 Rf8 46. Ra4 Rf5 47. Ke4 Rc5 48. Nd3 Rc8 49. Ne5 Rc5 50. Rxa5 Rc8 51. Kd4 Kc2 52. Rc5+ Kb2 53. Rxc8 1-0

[Event "Titled Tue 7th May Early"]
[Site "chess.com INT"]
[Date "2024.05.07"]
[Round "6"]
[White "Gurel, Ediz"]
[Black "Krzyzanowski, M."]
[Result "1-0"]
[WhiteElo "2578"]
[BlackElo "2526"]
[PlyCount "53"]
[EventDate "2024.05.07"]

1. Nf3 Nf6 2. g3 d5 3. Bg2 e6 4. O-O b5 5. a4 b4 6. c3 ({RR} 6. d4 a5 7. Nbd2 Ba6 8. Nb3 c6 9. Re1 Nbd7 10. Bf4 Be7 11. Nfd2 c5 12. dxc5 Nxc5 13. e4 Ncxe4 14. Nxe4 Nxe4 15. Bxe4 dxe4 16. Qxd8+ Bxd8 17. Rxe4 Bb7 18. Ree1 Bd5 19. Bd6 Bf6 20. Be5 Bxb3 {Tisma,I (1967)-Djordjevic,N (2199) chess.com INT 2025 0-1 (60)}) 6... bxc3 7. bxc3 c5 8. d3 $146 ({RR} 8. d4 Be7 9. c4 O-O 10. Na3 Bb7 11. Rb1 Bc6 12. Ne5 Be8 13. Bg5 cxd4 14. Nb5 Nc6 15. Nxc6 Bxc6 16. Nxd4 Be8 17. cxd5 Nxd5 18. Bxe7 Qxe7 19. Bxd5 exd5 20. Qb3 Qe5 21. e3 Bd7 22. Rfd1 Rab8 {Donchenko,A (2645)-Kleiman,J (2399) chess.com INT 2022 1-0 (34)}) 8... Be7 9. Nbd2 O-O 10. c4 Nc6 11. Bb2 Rb8 12. Rb1 Bd7 13. cxd5 exd5 14. Nb3 Na5 15. Bxf6 gxf6 16. Nbd2 Rxb1 17. Qxb1 Bxa4 18. Nh4 Qd7 19. Qa2 c4 20. dxc4 dxc4 21. Nxc4 Nxc4 22. Qxc4 Bb5 23. Qf4 Kh8 24. Be4 f5 25. Nxf5 Bf6 26. Qh6 Qd8 27. Nd6 1-0

[Event "Titled Tue 7th May Early"]
[Site "chess.com INT"]
[Date "2024.05.07"]
[Round "6"]
[White "Duda, J."]
[Black "Dardha, Daniel"]
[Result "1-0"]
[WhiteElo "2734"]
[BlackElo "2651"]
[PlyCount "67"]
[EventDate "2024.05.07"]

1. Nf3 d5 2. c4 dxc4 3. e3 Nf6 4. Bxc4 e6 5. O-O a6 6. Qe2 c5 7. Rd1 b5 8. Bb3 Nc6 ({RR} 8... Bb7 9. a4 b4 10. d3 Be7 11. Nbd2 O-O 12. a5 Bc6 13. d4 Nbd7 14. e4 Qb8 15. e5 Nd5 16. Nc4 Bb5 17. Qe4 cxd4 18. Nxd4 Nc5 19. Qg4 Nxb3 20. Bh6 g6 21. Nxb3 Rc8 22. Nd6 Bxd6 23. exd6 {Kramnik,V (2791)-Karjakin,S (2760) Moscow 2010 0-1 (67)}) ({RR} 8... Bb7 9. a4 Nbd7 10. axb5 axb5 11. Rxa8 Qxa8 12. Na3 b4 13. Nc4 Be7 14. d3 Bc6 15. Bd2 O-O 16. e4 Bb5 17. Be3 Qc6 18. Nfd2 Ra8 19. Rc1 Ne8 20. f4 Nd6 21. Bc2 Ba6 22. e5 Nf5 23. Bf2 {Duda,J (2724)-Vachier Lagrave,M (2741) Bucharest ROU 2023 ½-½ (43)}) 9. a4 Rb8 $146 ({RR} 9... c4 10. axb5 cxb3 11. bxc6 Qb6 12. Qc4 Bd6 13. Nc3 O-O 14. d4 a5 15. e4 Ba6 16. Qa4 Bb4 17. Qxb3 Qxc6 18. Ne5 Qd6 19. f3 Rac8 20. Be3 Nd7 21. Na2 Nxe5 22. dxe5 Qe7 23. Nxb4 Bc4 24. Nc6 {Jovanovic,V (2151)-Babic,M (2141) Herceg Novi 2000 1-0 (42)}) 10. axb5 axb5 11. d4 c4 12. Bc2 Nb4 13. e4 Nxc2 14. Qxc2 Bb7 15. d5 exd5 16. exd5 Bd6 17. Re1+ Kf8 18. Nc3 b4 19. Ne2 Bxd5 20. Ned4 Qd7 21. Bg5 b3 22. Qb1 h6 23. Bh4 g5 24. Bg3 Bxg3 25. hxg3 Bxf3 26. Nxf3 Kg7 27. Ne5 Qd5 28. Qf5 Rhe8 29. Rad1 Qe6 30. Qf3 Rb5 31. Nd3 Qc8 32. Rc1 Rxe1+ 33. Nxe1 Qc6 34. Qxc6 1-0

[Event "Titled Tue 7th May Late"]
[Site "chess.com INT"]
[Date "2024.05.07"]
[Round "7"]
[White "Santos Latasa, J."]
[Black "Banusz, T."]
[Result "1-0"]
[WhiteElo "2626"]
[BlackElo "2623"]
[PlyCount "109"]
[EventDate "2024.05.07"]

1. Nf3 d5 2. e3 Nf6 3. c4 c6 4. Qc2 g6 5. b3 Bg7 6. Bb2 O-O 7. Be2 Bf5 8. d3 a5 ({RR} 8... Nbd7 9. O-O Bg4 10. Nbd2 e5 11. h3 Bxf3 12. Bxf3 h5 13. g3 Nh7 14. Bg2 Rc8 15. Qd1 Nc5 16. Ba3 b6 17. Qe2 Re8 18. Bxc5 bxc5 19. Rac1 Qd7 20. Nb1 e4 21. Rfd1 Qe6 22. dxe4 dxe4 23. Nc3 {Ozates,T (2225)-Yurasova,D (2064) chess.com INT 2025 1-0 (53)}) 9. O-O Na6 10. a3 Re8 11. Rd1 $146 ({RR} 11. Nbd2 Bg4 12. h3 Bxf3 13. Nxf3 e6 14. Rfd1 Nc7 15. Rac1 Nd7 16. d4 a4 17. b4 dxc4 18. Bxc4 Nd5 19. Bf1 Qe7 20. e4 Nf4 21. g3 Nh5 22. e5 Nb6 23. Re1 Nd5 24. Rcd1 Red8 25. Nd2 f5 {Santos Latasa,J (2624)-Guadamuro Torrente,A (2036) Mengibar ESP 2024 1-0 (35)}) 11... Rc8 12. Nbd2 Bg4 13. h3 Bxf3 14. Nxf3 e6 15. Bc3 b5 16. d4 Ne4 17. Be1 Qb6 18. Rab1 Nb8 19. Bd3 f5 20. Qe2 b4 21. c5 Qb7 22. Ra1 e5 23. axb4 axb4 24. Qc2 exd4 25. exd4 Rc7 26. Ra4 Nc3 27. Bxc3 bxc3 28. Qxc3 Rce7 29. Raa1 Nd7 30. Re1 Nf8 31. Rxe7 Rxe7 32. b4 Ne6 33. Rb1 Qc7 34. Bf1 Qf4 35. g3 Qc7 36. Kg2 g5 37. Re1 g4 38. hxg4 fxg4 39. Ne5 Nxd4 40. Nxg4 h5 41. Nh2 Rf7 42. Re8+ Rf8 43. Rxf8+ Kxf8 44. Nf3 Nf5 45. Qd3 Qf7 46. Qa6 Qf6 47. Bd3 Ne7 48. Qa8+ Kf7 49. Qb8 Bh6 50. Ne5+ Kg7 51. Qd6 Bg5 52. f4 Bh6 53. Qd7 h4 54. Nxc6 Kf8 55. Qd8+ 1-0

[Event "Titled Tue 7th May Late"]
[Site "chess.com INT"]
[Date "2024.05.07"]
[Round "8"]
[White "Oparin, G."]
[Black "Mekhitarian, K."]
[Result "1-0"]
[WhiteElo "2676"]
[BlackElo "2556"]
[PlyCount "93"]
[EventDate "2024.05.07"]

1. Nf3 d5 2. g3 Nc6 3. d4 Bf5 4. Bg2 Nb4 5. Na3 e6 6. Nh4 Bg4 7. h3 Bh5 8. c3 Nc6 9. O-O ({RR} 9. Nc2 Be7 10. Nf3 Nf6 11. Ne5 Nxe5 12. dxe5 Nd7 13. O-O Nxe5 14. f4 Nd7 15. g4 Bg6 16. f5 exf5 17. gxf5 Bh5 18. Qxd5 c6 19. Qd3 O-O 20. Bf4 Nc5 21. Qc4 Nd7 22. Rad1 Nb6 23. Qe4 Bc5+ {Lin,Y (2393)-Szpar,M (2457) Roquetas de Mar ESP 2025 0-1 (43)}) 9... Be7 10. Nf3 Nf6 11. g4 $146 ({RR} 11. Nc2 O-O 12. Bf4 Ne4 13. Nce1 a5 14. a4 g5 15. Bd2 f5 16. Nd3 Bd6 17. Qc1 f4 18. gxf4 Nxd2 19. Qxd2 gxf4 20. Kh1 Kh8 21. Rg1 Bxf3 22. Bxf3 Qh4 23. Kh2 Ne7 24. Rg4 Qh6 25. Rag1 Nf5 {Efimenko,Z (2597)-Kogan,A (2485) Tornelo INT 2022 0-1 (48)}) 11... Bg6 12. Nh4 Be4 13. f3 Bg6 14. Nxg6 hxg6 15. Nc2 e5 16. e4 dxe4 17. fxe4 O-O 18. Be3 Nh7 19. Kh1 Bd6 20. d5 Nb8 21. c4 Nd7 22. b4 b6 23. Qd2 Qe7 24. a3 a5 25. Rab1 axb4 26. axb4 Ra2 27. Qc3 Rfa8 28. Rfc1 g5 29. Rb3 Nhf8 30. Ne1 Qd8 31. c5 Be7 32. d6 cxd6 33. c6 Nf6 34. c7 Qc8 35. Bxb6 Ne6 36. b5 Nf4 37. Be3 Nxg2 38. Nxg2 Nxe4 39. Qd3 Ng3+ 40. Kh2 Ne2 41. Rc2 Nf4 42. Bxf4 gxf4 43. b6 Qb7 44. c8=Q+ Rxc8 45. Rxa2 e4 46. Qa6 Qxa6 47. Rxa6 1-0

[Event "Titled Tue 7th May Late"]
[Site "chess.com INT"]
[Date "2024.05.07"]
[Round "9"]
[White "Santos Latasa, J."]
[Black "Lobanov, Sergei"]
[Result "1-0"]
[WhiteElo "2626"]
[BlackElo "2507"]
[PlyCount "131"]
[EventDate "2024.05.07"]

1. Nf3 d5 2. e3 Nf6 3. c4 e6 4. b3 Bd6 5. Bb2 O-O 6. Nc3 Re8 7. Rc1 c5 8. cxd5 exd5 9. d4 cxd4 10. Nxd4 Nc6 11. Bb5 $146 ({RR} 11. Nxc6 bxc6 12. Be2 Qe7 13. O-O h5 14. h3 Qe5 15. g3 Qg5 16. h4 Qg6 17. Bd3 Bf5 18. Bxf5 Qxf5 19. Ne2 Qh3 20. Bxf6 gxf6 21. Rxc6 Rad8 22. Qxd5 Bxg3 23. Qg2 Qxg2+ 24. Kxg2 Be5 25. Ra6 Rd2 {Narayanan,S (2540)-Oparin,G (2652) Chess.com INT 2020 0-1 (41)}) 11... Bd7 12. Nf3 Ne5 13. Bxd7 Qxd7 14. O-O Rac8 15. h3 a6 16. Nd4 Ne4 17. Nxd5 Rxc1 18. Bxc1 Bb8 19. Nf4 Qd6 20. g3 Qh6 21. h4 Qf6 22. Bb2 h6 23. Qc2 Ng4 24. Nde6 Be5 25. Nxg7 Qxg7 26. Qxe4 Nf6 27. Bxe5 Nxe4 28. Bxg7 Kxg7 29. Rc1 Rd8 30. Rc2 Rd1+ 31. Kg2 b5 32. Kf3 Nf6 33. Ke2 Ra1 34. Nd3 Ne4 35. g4 a5 36. f3 Nd6 37. e4 b4 38. Ke3 Nb5 39. Nc1 Kf6 40. f4 Nc3 41. Kd3 Ke6 42. g5 hxg5 43. hxg5 Ke7 44. f5 Kd6 45. g6 fxg6 46. fxg6 Ke7 47. e5 Kf8 48. e6 Nd5 49. Kd4 Ne7 50. Ke5 Kg7 51. Rc7 Kxg6 52. Rxe7 Rxc1 53. Ra7 Re1+ 54. Kd6 Kf6 55. Rf7+ Kg6 56. Rf2 Rd1+ 57. Kc6 Re1 58. Kd7 Rd1+ 59. Ke8 Kg7 60. e7 Rd3 61. Rg2+ Kh7 62. Rg4 Rd1 63. Kf7 Rf1+ 64. Ke6 Re1+ 65. Kf6 Rf1+ 66. Ke5 1-0

[Event "Chess.com Classic Div 2 W"]
[Site "chess.com INT"]
[Date "2024.05.10"]
[Round "1.2"]
[White "Oparin, G."]
[Black "Sevian, Samuel"]
[Result "1-0"]
[WhiteElo "2676"]
[BlackElo "2699"]
[PlyCount "113"]
[EventDate "2024.05.10"]
[EventType "k.o."]

1. Nf3 d5 2. e3 c5 3. b3 Nf6 4. Bb2 Nc6 5. Bb5 Bd7 6. c4 e6 7. O-O Bd6 8. cxd5 ({RR} 8. Nc3 O-O 9. cxd5 exd5 10. d4 Bg4 11. dxc5 Bxc5 12. h3 Bh5 13. Ne2 Bxf3 14. gxf3 Nh5 15. f4 Qh4 16. Kg2 Rad8 17. Bxc6 bxc6 18. Rc1 Bb6 19. Rxc6 d4 20. Nxd4 Bxd4 21. Bxd4 Rd5 22. Qg4 Qxg4+ {Assylov,M (2304)-Tokhirjonova,G (2385) chess.com INT 2024 ½-½ (68)}) 8... exd5 9. d4 cxd4 10. Bxd4 $146 ({RR} 10. Nxd4 Nxd4 11. Bxd7+ Qxd7 12. Bxd4 Qf5 13. f4 O-O 14. Nc3 Ne4 15. Nxe4 Qxe4 16. Qg4 f6 17. Rac1 Qe7 18. Rfe1 b6 19. Qf5 Qe4 20. Qh3 Rfe8 21. Rc6 Rad8 22. Qg3 Qg6 23. Qf3 Re4 24. f5 Qh6 {Slipak,S-Potick,C (2240) Buenos Aires 1985 1-0}) 10... a6 11. Bxc6 bxc6 12. Ne5 O-O 13. Nxd7 Nxd7 14. Nd2 Re8 15. Rc1 Rc8 16. Qg4 Ne5 17. Bxe5 Bxe5 18. Rfd1 Qa5 19. Rc2 Bf6 20. g3 Re6 21. Nf3 g6 22. Nd4 h5 23. Qe2 Rd6 24. Qf3 Be5 25. Kg2 Qb6 26. Qe2 a5 27. Nf3 Bf6 28. Rdc1 Re8 29. Qd3 Re4 30. Nd2 Ree6 31. Rc5 Bb2 32. R1c2 Ba3 33. Qd4 Bb4 34. h4 Rd8 35. Nf3 Re4 36. Rxc6 Qb8 37. Qb6 Qxb6 38. Rxb6 Rd7 39. Nd4 Kg7 40. Rb5 Re8 41. Nc6 Re4 42. Nxb4 axb4 43. Rd2 d4 44. Rxb4 dxe3 45. Rxd7 Rxb4 46. fxe3 Kf6 47. Rd4 Rb7 48. Kf3 Ke5 49. Ra4 Rd7 50. Ra5+ Ke6 51. b4 Rd1 52. a4 Rb1 53. b5 f6 54. Ra6+ Kf5 55. b6 Rf1+ 56. Ke2 Rb1 57. Ra5+ 1-0

[Event "Chess.com Classic Div 3 W"]
[Site "chess.com INT"]
[Date "2024.05.10"]
[Round "1.1"]
[White "Gledura, B."]
[Black "Durarbayli, Vasif"]
[Result "1-0"]
[WhiteElo "2619"]
[BlackElo "2627"]
[PlyCount "75"]
[EventDate "2024.05.10"]
[EventType "k.o."]

1. Nf3 d5 2. g3 c5 3. Bg2 Nf6 4. O-O Nc6 5. d4 cxd4 6. Nxd4 e5 7. Nxc6 bxc6 8. c4 Be6 9. Qa4 Qd7 10. Nc3 Rc8 11. cxd5 cxd5 12. Qxd7+ Kxd7 13. Rd1 Bb4 14. Nxd5 Nxd5 15. Bxd5 Bxd5 16. Rxd5+ Ke6 17. Rb5 Bc5 18. Bd2 Rhd8 19. Be1 Bb6 20. Kf1 $146 ({RR} 20. e3 Rc6 21. Bc3 f6 22. a4 a6 23. Rb3 Rd3 24. a5 Bd8 25. Rb7 Be7 26. Kf1 e4 27. Ra4 f5 28. Rb6 Kd7 29. Rxc6 Kxc6 30. Rc4+ Kb5 31. Rc7 Bf6 32. Rb7+ Ka4 33. b3+ Ka3 34. Bxf6 gxf6 {Valdes Romero,L (2404)-Juan Delgado,A (1964) Linares 2014 1-0 (52)}) 20... Rc2 21. Bc3 f6 22. a4 Rd7 23. e3 Rd5 24. Rb3 e4 25. Rb4 Kf5 26. h3 h5 27. g4+ hxg4 28. hxg4+ Kxg4 29. Rxe4+ Kh3 30. a5 Bc5 31. Be1 Rxb2 32. Raa4 Rh5 33. Rg4 g5 34. Rg3+ Kh2 35. Rg2+ Kh1 36. Rag4 Bd6 37. Rg1+ Kh2 38. R4g2+ 1-0

[Event "Chess.com Classic Div 3 W"]
[Site "chess.com INT"]
[Date "2024.05.10"]
[Round "1.3"]
[White "Warmerdam, Max"]
[Black "Lobanov, Sergei"]
[Result "1-0"]
[WhiteElo "2652"]
[BlackElo "2507"]
[PlyCount "63"]
[EventDate "2024.05.10"]
[EventType "k.o."]

1. Nf3 d5 2. g3 Nc6 3. d4 Bf5 4. Bg2 Nb4 5. Na3 h6 ({RR} 5... c6 6. O-O e6 7. c3 Na6 8. Nc2 h6 9. Nd2 Nf6 10. f3 Be7 11. e4 Bh7 12. e5 Nd7 13. Ne3 c5 14. f4 Qb6 15. Nf3 Be4 16. Nh4 cxd4 17. cxd4 Bxg2 18. Kxg2 Bxh4 19. gxh4 O-O-O 20. f5 {Matlakov,M (2691)-Morozevich,A (2683) Sochi 2016 0-1}) 6. c4 ({RR} 6. O-O e6 7. c3 Nc6 8. Nc2 Nf6 9. Re1 Be7 10. Bf4 O-O 11. h4 a5 12. Ne5 Nxe5 13. dxe5 Ne4 14. Nd4 Bh7 15. h5 a4 16. Rc1 c5 17. Nb5 Qb6 18. c4 Rfd8 19. Bxe4 Bxe4 20. Nd6 Bxd6 {Babazada,K (2427)-Howell,D (2646) Chess.com INT 2022 0-1 (37)}) 6... e6 7. O-O Nf6 $146 ({RR} 7... dxc4 8. Ne5 c6 9. Nexc4 Nf6 10. b3 Nbd5 11. Bb2 b5 12. Ne5 Qc7 13. Rc1 Bxa3 14. Bxa3 Be4 15. Rxc6 Qb7 16. Bxe4 Nxe4 17. Qc2 b4 18. Qxe4 bxa3 19. Nxf7 Qxf7 20. Rxe6+ Kf8 21. Qxd5 Re8 22. Rxe8+ {Auger,B (1918)-Daigle,R (1475) Quebec 2005 1-0}) 8. Bd2 a5 9. Ne1 Be7 10. Bc3 O-O 11. Nac2 Ne4 12. Ne3 Bg6 13. a3 Nc6 14. cxd5 exd5 15. Qb3 Bf6 16. Qxd5 Re8 17. Nf3 Qe7 18. Nf5 Bxf5 19. Qxf5 Nd6 20. Qf4 Qxe2 21. Rfe1 Qc2 22. Ne5 Ne7 23. h4 Qf5 24. Qd2 a4 25. Bb4 Rad8 26. Rac1 c6 27. Bxd6 Rxd6 28. Qb4 Red8 29. Qxb7 Rxd4 30. Nxc6 Nxc6 31. Qxc6 Rd2 32. Re8+ 1-0

[Event "Chess.com Classic Div 3 W"]
[Site "chess.com INT"]
[Date "2024.05.10"]
[Round "2.2"]
[White "Gledura, B."]
[Black "Nguyen Ngoc Truong Son"]
[Result "1-0"]
[WhiteElo "2619"]
[BlackElo "2633"]
[PlyCount "71"]
[EventDate "2024.05.10"]
[EventType "k.o."]

1. Nf3 d5 2. g3 g6 3. Bg2 Bg7 4. O-O c6 5. d3 Bg4 6. Nbd2 ({RR} 6. h3 Bxf3 7. Bxf3 e5 8. e4 dxe4 9. dxe4 Qxd1 10. Rxd1 Nd7 11. Na3 Nb6 12. Be3 Bf8 13. Bxb6 Bxa3 14. Bc7 Bxb2 15. Rab1 Bd4 16. Rxb7 Ne7 17. Rxd4 exd4 18. Be5 Rf8 19. Bf6 Ng8 20. Bg7 Ne7 {Dzagnidze,N (2518)-Nersissian,G (2035) chess.com INT 2025 1-0 (53)}) 6... Nd7 7. h3 Bxf3 8. Nxf3 Ngf6 $146 ({RR} 8... Qc7 9. e4 dxe4 10. dxe4 O-O-O 11. Qe2 Ngf6 12. e5 Ng8 13. Re1 e6 14. Bg5 Re8 15. h4 h6 16. Bf4 Ne7 17. c4 g5 18. hxg5 hxg5 19. Nxg5 Ng6 20. Nxf7 Nxf4 21. gxf4 Reg8 22. Nxh8 Bxh8 23. Qe3 {Ambog,E (1875)-Hein,J (1418) Logumkloster 2020 1-0 (41)}) 9. c4 dxc4 10. dxc4 O-O 11. Qc2 Qc7 12. Rd1 Rfd8 13. Bf4 e5 14. Be3 Bf8 15. c5 Nd5 16. Bg5 Re8 17. e4 N5f6 18. Be3 Rad8 19. Bf1 Bg7 20. Bc4 h6 21. Rd6 Bf8 22. Rad1 Bxd6 23. cxd6 Qb8 24. Bxh6 Rf8 25. Ng5 Nb6 26. Bxf8 Rxf8 27. Bb3 Qe8 28. Qc5 Kg7 29. Qa5 Nfd7 30. Qxa7 Qd8 31. Nxf7 Rxf7 32. Bxf7 Kxf7 33. Qxb7 c5 34. a4 Kg7 35. a5 Qc8 36. Qc7 1-0

[Event "Chess.com Classic Div 3 W"]
[Site "chess.com INT"]
[Date "2024.05.14"]
[Round "6.3"]
[White "Andreikin, D."]
[Black "Grandelius, N."]
[Result "1-0"]
[WhiteElo "2729"]
[BlackElo "2664"]
[PlyCount "33"]
[EventDate "2024.05.10"]
[EventType "k.o."]

1. Nf3 d5 2. g3 Nd7 3. d4 Nb6 4. Nc3 Bf5 5. Nh4 Bg4 6. Qd3 ({RR} 6. h3 Bh5 7. Ng2 e6 8. Nf4 Bg6 9. Nxg6 hxg6 10. a3 f5 11. Qd3 Nf6 12. Bg5 Be7 13. e3 Ne4 14. Bxe7 Qxe7 15. Bg2 O-O-O 16. Ne2 Nc4 17. Nf4 Rh6 18. b3 Ncd6 19. Qe2 Nc3 20. Qd3 Nce4 {Deac,B (3028)-Grigoriants,S (2908) Chess.com 2024 ½-½}) 6... Nf6 ({RR} 6... e6 7. f3 Bh5 8. e4 Be7 9. Ng2 Nf6 10. Bg5 O-O 11. Nf4 Bg6 12. h4 h6 13. Bxf6 Bxf6 14. Nxg6 fxg6 15. e5 Be7 16. Qxg6 Rxf3 17. Bd3 Rxd3 18. Qxe6+ Kh8 19. cxd3 c5 20. O-O Rc8 21. Rf7 {Kaustuv,K (2407)-Majumder Shrayan (2111) Bengaluru IND 2025 1-0}) 7. e4 ({RR} 7. h3 Bh5 8. e4 dxe4 9. Nxe4 Nxe4 10. Qxe4 Qd5 11. Qxd5 Nxd5 12. c3 e6 13. g4 Bg6 14. Nxg6 hxg6 15. Bg2 c6 16. Bd2 Bd6 17. Ke2 a5 18. Rad1 Nf4+ 19. Bxf4 Bxf4 20. Rd3 Ke7 21. c4 Rhd8 {Andreikin,D (2729)-Grandelius,N (2664) chess.com INT 2024 ½-½ (61)}) 7... dxe4 $146 ({RR} 7... e5 8. Bg2 exd4 9. Nxd5 Nbxd5 10. exd5 Bb4+ 11. Kf1 Qe7 12. Bf4 O-O-O 13. h3 Rhe8 14. Kg1 Be2 15. Qb3 Qc5 16. a3 Ba5 17. d6 Bb6 18. dxc7 Rd7 19. Qb4 Qxb4 20. axb4 Nd5 21. Bd2 Nxc7 22. Kh2 {Selbes,T (2183)-Harsh,S (2415) Belgrade SRB 2024 0-1 (72)}) 8. Nxe4 Nxe4 9. Qxe4 Qd5 10. Qxg4 Qxh1 11. Nf3 f5 12. Qxf5 g6 13. Qe4 Bg7 14. Bf4 g5 15. O-O-O c6 16. Bxg5 Nd5 17. Bh3 1-0